| 000 | 00628nam a2200193 a 4500 | ||
|---|---|---|---|
| 001 | 000039010 | ||
| 003 | DO-SdBNP | ||
| 005 | 20211115135959.0 | ||
| 008 | 130513s2012 dr 000 0 spa d | ||
| 020 | _a9789945472141 | ||
| 040 |
_aDO-SdBNP _bspa _cBNPHU |
||
| 100 | 1 |
_aPiedra, René, _d1952- _965258 |
|
| 245 | 1 | 0 |
_aFundamentos de matemática avanzada / _cPiedra, René. |
| 260 |
_aSanto Domingo : _bInstituto Tecnológico de Santo Domingo, _c2012. |
||
| 300 |
_a274 p. ; _c23 cm. |
||
| 500 | _aIncluye datos biográficos del autor en la solapa de la cubierta | ||
| 504 | _aBibliografía : p. 273-274 | ||
| 942 |
_2ddc _cLBS1 |
||
| 999 |
_c38500 _d38500 |
||